|
|
|
|
| LEADER |
00000nas a2200000 a 4500 |
| 001 |
ssj0001895 |
| 003 |
WaSeSS |
| 005 |
20200512172242.0 |
| 006 |
m d |
| 007 |
cr n |
| 008 |
981001c19479999gw mr p s 0 a0eng c |
| 010 |
|
|
|a 2004233431
|
| 016 |
7 |
|
|a 013089582
|2 Uk
|
| 016 |
7 |
|
|a 003271625
|2 IsJJNL
|
| 022 |
|
|
|a 1432-0967
|l 0010-7999
|y 0010-7999
|
| 035 |
|
|
|a (WaSeSS)ssj0001895
|
| 040 |
|
|
|a PIT
|b eng
|e pn
|c PIT
|d DLC
|d OCL
|d OCLCQ
|d GUA
|d OCLCQ
|d MUQ
|d OCL
|d OCLCQ
|d TXA
|d UKMGB
|d OCLCQ
|d OCLCO
|d BUF
|d OCLCF
|d OCLCO
|d OCLCQ
|d WT2
|d BGS
|d OCLCQ
|d AU@
|d OCLCQ
|d DLC
|d VT2
|d J9U
|d NJT
|d WaSeSS
|
| 042 |
|
|
|a pcc
|
| 050 |
0 |
0 |
|a QE351
|
| 082 |
0 |
4 |
|a 549
|
| 130 |
0 |
|
|a Contributions to mineralogy and petrology (Online)
|
| 245 |
1 |
0 |
|a Contributions to mineralogy and petrology
|h [electronic resource].
|
| 260 |
|
|
|a Berlin :
|b Springer-Verlag,
|c 1947-
|
| 310 |
|
|
|a Monthly,
|b <1981->
|
| 321 |
|
|
|a Irregular,
|b 1966-
|
| 362 |
1 |
|
|a Began with: Vol. 1, issue 1 (Jan. 1947).
|
| 506 |
|
|
|a License restrictions may limit access.
|
| 515 |
|
|
|a Some numbers issued in combined form.
|
| 538 |
|
|
|a Mode of access: World Wide Web.
|
| 546 |
|
|
|a In German and English.
|
| 555 |
|
|
|a Vols. 101 (1989)-125 (1996). 1 v.
|
| 588 |
|
|
|a Description based on: Vol. 1, issue 1 (Jan. 1947); title from issue table of contents (Springer Link, viewed Aug. 2, 2011).
|
| 588 |
|
|
|a Latest issue consulted: Vol. 174, issue 1 (Jan. 2019) (Springer Link, viewed Dec. 18, 2018).
|
| 650 |
|
0 |
|a Mineralogy
|v Periodicals.
|
| 650 |
|
0 |
|a Petrology
|v Periodicals.
|
| 650 |
|
6 |
|a Minéralogie
|v Périodiques.
|
| 650 |
|
6 |
|a Pétrologie
|v Périodiques.
|
| 650 |
|
7 |
|a Mineralogy.
|2 fast
|0 (OCoLC)fst01022406
|
| 650 |
|
7 |
|a Petrology.
|2 fast
|0 (OCoLC)fst01059885
|
| 655 |
|
0 |
|a Electronic journals.
|
| 776 |
0 |
8 |
|i Print version:
|t Contributions to mineralogy and petrology
|x 0010-7999
|w (DLC)sf 98085520
|w (OCoLC)1142566
|
| 780 |
0 |
0 |
|t Beiträge zur Mineralogie und Petrographie
|w (DLC) 2011263229
|w (OCoLC)656113321
|
| 850 |
|
|
|a DLC
|
| 856 |
4 |
0 |
|z Full text available from Research Library: 06/01/1998 to 1 year ago
|u https://search.proquest.com/publication/48463
|